000 00344nam a2200145Ia 4500
005 20250529022725.0
008 240331s9999 xx 000 0 und d
082 _a303.6
_bPER
100 _aPerera, W.E.
245 0 _aThrasthavadaya
260 _aGampaha
_bSarasavi Printing Press
_c1986
300 _a84 p .,
650 _aTerriosm
942 _cL
999 _c1285
_d1285